| 000 | 00342nam a22001337a 4500 | ||
|---|---|---|---|
| 008 | 250320b |||||||| |||| 00| 0 eng d | ||
| 020 | _a0151001537 | ||
| 050 |
_aPG7178 _b.S99 |
||
| 100 | _aSZYMBORSKA Wistawa | ||
| 245 | _aView With a Grain of Sand | ||
| 260 |
_aSan Diego _bHarcourt Brace & Company _c1995 |
||
| 300 | _aix, 214p. | ||
| 942 | _cBK | ||
| 999 |
_c2521 _d2521 |
||